Civilisation progrressive de la francophonie niveau intermédiaire : avec 500 activités

Na minha lista:
Detalhes bibliográficos
Autor principal: Noutchié Njiké, Jackson
Formato: Livro
Idioma:francês
Publicado em: Paris CLE international 2003
Assuntos:
Tags: Adicionar Tag
Sem tags, seja o primeiro a adicionar uma tag!

MARC

LEADER 00000nam a2200000 4500
001 0237298
005 20240226124439.1
020 |a 978-2-09-033945-1 
020 |a 209-033945-4 
041 0 |a fre 
044 |a FR 
245 1 0 |a Civilisation progrressive de la francophonie  |b niveau intermédiaire : avec 500 activités  |c Jackson Noutchié Njiké 
264 1 |a Paris  |b CLE international  |c 2003 
300 |a 191 s. 
610 2 0 |a francúzština 
610 2 0 |a jazyky cudzie 
610 2 0 |a zásoba slovná 
610 2 0 |a gramatika 
610 2 0 |a konverzácia 
610 2 0 |a výslovnosť 
610 2 0 |a reálie 
610 2 0 |a Francúzsko 
610 2 0 |a svet 
100 1 |a Noutchié Njiké, Jackson